Report of the study group for tribal labour (agricultural and industrial) (Record no. 496034)

000 -LEADER
fixed length control field 00392cam a22001097a 4500
008 - FIXED-LENGTH DATA ELEMENTS--GENERAL INFORMATION
fixed length control field 180718b1969 xxu||||| |||| 00| 0 eng d
082 ## - DEWEY DECIMAL CLASSIFICATION NUMBER
Classification number Ro6x54 In4sg tw
245 ## - TITLE STATEMENT
Title Report of the study group for tribal labour (agricultural and industrial)
Statement of responsibility, etc. by National Commission On Labour
260 ## - PUBLICATION, DISTRIBUTION, ETC.
Place of publication, distribution, etc. Delhi
Name of publisher, distributor, etc. Manager Of Publication
Date of publication, distribution, etc. 1969
300 ## - PHYSICAL DESCRIPTION
Extent 120p.
700 ## - ADDED ENTRY--PERSONAL NAME
Personal name India. National Commission On Labour
Holdings
Withdrawn status Lost status Damaged status Not for loan Permanent Location Current Location Date acquired Full call number Barcode Date last seen Price effective from Koha item type
        Indian Institute of Public Administration Indian Institute of Public Administration 2018-08-04 Ro6x54 In4sg tw G9820 2018-08-04 2018-08-04 G

Powered by Koha